<?xml version="1.0" encoding="UTF-8"?><?xml-stylesheet type="text/xsl" href="static/style.xsl"?><OAI-PMH xmlns="http://www.openarchives.org/OAI/2.0/" xmlns:xsi="http://www.w3.org/2001/XMLSchema-instance" xsi:schemaLocation="http://www.openarchives.org/OAI/2.0/ http://www.openarchives.org/OAI/2.0/OAI-PMH.xsd"><responseDate>2026-04-17T05:42:49Z</responseDate><request verb="GetRecord" identifier="oai:www.recercat.cat:2117/421540" metadataPrefix="marc">https://recercat.cat/oai/request</request><GetRecord><record><header><identifier>oai:recercat.cat:2117/421540</identifier><datestamp>2026-01-22T04:10:13Z</datestamp><setSpec>com_2072_1033</setSpec><setSpec>col_2072_452950</setSpec></header><metadata><record xmlns="http://www.loc.gov/MARC21/slim" xmlns:dcterms="http://purl.org/dc/terms/" xmlns:xsi="http://www.w3.org/2001/XMLSchema-instance" xmlns:doc="http://www.lyncode.com/xoai" xsi:schemaLocation="http://www.loc.gov/MARC21/slim http://www.loc.gov/standards/marcxml/schema/MARC21slim.xsd">
   <leader>00925njm 22002777a 4500</leader>
   <datafield ind2=" " ind1=" " tag="042">
      <subfield code="a">dc</subfield>
   </datafield>
   <datafield ind2=" " ind1=" " tag="720">
      <subfield code="a">Gabaldon, Toni</subfield>
      <subfield code="e">author</subfield>
   </datafield>
   <datafield ind2=" " ind1=" " tag="260">
      <subfield code="c">2024-11-07</subfield>
   </datafield>
   <datafield ind2=" " ind1=" " tag="520">
      <subfield code="a">Candida parapsilosis is a common agent of candidiasis that has gained&#xd;
increased attention in recent years, culminating with its recent consideration as a&#xd;
high-priority fungal pathogen by the World Health Organization. Reasons for this&#xd;
classification are the recent surge in incidence and the alarmingly growing rates of drug&#xd;
and multidrug resistance. In addition, several closely related species such as Candida&#xd;
metapsilosis and Candida orthopsilosis may represent recently emerged opportunistic&#xd;
pathogens originated from environmental niches through interspecies hybridization.&#xd;
Here, I review recent research focused on the potential origin and spread of drug&#xd;
resistance and of emerging species in this complex. I will also discuss open questions&#xd;
regarding the possible implications of human activities in these two epidemiological&#xd;
phenomena.</subfield>
   </datafield>
   <datafield ind2=" " ind1=" " tag="520">
      <subfield code="a">T.G. acknowledges support from the Spanish Ministry of Science and Innovation&#xd;
(grant numbers PID2021-126067NB-I00, CPP2021-008552, PCI2022-135066-2, and&#xd;
PDC2022-133266-I00), cofounded by ERDF “A way of making Europe,” as well as support&#xd;
from the Catalan Research Agency (AGAUR; grant number SGR01551), European Union’s&#xd;
Horizon 2020 research and innovation program (grant number ERC-2016–724173);&#xd;
Gordon and Betty Moore Foundation (grant number GBMF9742); “La Caixa” foundation&#xd;
(grant number LCF/PR/HR21/00737), and Instituto de Salud Carlos III (IMPACT grant IMP/&#xd;
00019 and CIBERINFEC CB21/13/00061- ISCIII-SGEFI/ERDF)</subfield>
   </datafield>
   <datafield ind2=" " ind1=" " tag="520">
      <subfield code="a">Postprint (author's final draft)</subfield>
   </datafield>
   <datafield tag="653" ind2=" " ind1=" ">
      <subfield code="a">Àrees temàtiques de la UPC::Informàtica::Aplicacions de la informàtica::Bioinformàtica</subfield>
   </datafield>
   <datafield tag="653" ind2=" " ind1=" ">
      <subfield code="a">Candida parapsilosis</subfield>
   </datafield>
   <datafield tag="653" ind2=" " ind1=" ">
      <subfield code="a">Antifungal drug resistance</subfield>
   </datafield>
   <datafield tag="653" ind2=" " ind1=" ">
      <subfield code="a">Candidiasis</subfield>
   </datafield>
   <datafield tag="653" ind2=" " ind1=" ">
      <subfield code="a">Candida orthopsilosis</subfield>
   </datafield>
   <datafield tag="653" ind2=" " ind1=" ">
      <subfield code="a">Candida metapsilosis</subfield>
   </datafield>
   <datafield tag="653" ind2=" " ind1=" ">
      <subfield code="a">Opportunistic pathogens</subfield>
   </datafield>
   <datafield tag="653" ind2=" " ind1=" ">
      <subfield code="a">Hybridization</subfield>
   </datafield>
   <datafield ind2="0" ind1="0" tag="245">
      <subfield code="a">Threats from the Candida parapsilosis complex: the surge of multidrug resistance and a hotbed for new emerging pathogens</subfield>
   </datafield>
</record></metadata></record></GetRecord></OAI-PMH>